Central Library OPAC University of Rajshahi

Climatic change : (Record no. 10983)

MARC details
000 -LEADER
fixed length control field 00749nam a2200229 a 4500
001 - CONTROL NUMBER
control field 10983
003 - CONTROL NUMBER IDENTIFIER
rucl marc code BD-RjUL
005 - DATE AND TIME OF LATEST TRANSACTION
control field 20211208235041.0
008 - FIXED-LENGTH DATA ELEMENTS--GENERAL INFORMATION
fixed length control field 140125r19601953mauabdf b 00010 eng d
035 ## - SYSTEM CONTROL NUMBER
System control number (BD-RjUL)11032
040 ## - CATALOGING SOURCE
Original cataloging agency Xerox
Modifying agency BD-RjUL
Language of cataloging eng
Transcribing agency BD-RjUL
041 ## - LANGUAGE CODE
Language code of text/sound track or separate title eng
082 00 - DEWEY DECIMAL CLASSIFICATION NUMBER
Classification number 551.5
Author mark and year CLI 1960
245 10 - TITLE STATEMENT
Title Climatic change :
Remainder of title evidence, causes, and effects /
Statement of responsibility, etc. edited by Harlow Shapley.
260 ## - PUBLICATION, DISTRIBUTION, ETC. (IMPRINT)
Place of publication, distribution, etc. Cambridge (Mass.) :
Name of publisher, distributor, etc. Harvard University Press,
Date of publication, distribution, etc. c1953 [Printing 1960].
300 ## - PHYSICAL DESCRIPTION
Pagination xii, 318 p., [1] leaf of plates :
Illustrations ill., charts, maps ;
Size 25 cm.
504 ## - BIBLIOGRAPHY, ETC. NOTE
Bibliography, etc Includes bibliographies.
650 #0 - SUBJECT ADDED ENTRY--TOPICAL TERM
Topical term or geographic name as entry element Climatic changes.
9 (RLIN) 33940
700 1# - ADDED ENTRY--PERSONAL NAME
Personal name Shapley, Harlow,
Dates associated with a name 1885-1972.
942 ## - ADDED ENTRY ELEMENTS (KOHA)
Source of classification or shelving scheme Dewey Decimal Classification
Koha item type Books
Holdings
Lost status Source of classification or shelving scheme Damaged status Not for loan Collection code Permanent Location Current Location Shelving location Date acquired Source of acquisition Cost, normal purchase price Total Checkouts Full call number Date last seen Copy number Koha item type
  Dewey Decimal Classification   Not For Loan Non-fiction Central Library, University of Rajshahi Central Library, University of Rajshahi Reading Room 11/04/1967 Paramount 42.00   551.5 CLI 1960 25/01/2014 C-1 Books
  Dewey Decimal Classification     Non-fiction Central Library, University of Rajshahi Central Library, University of Rajshahi   10/01/1974 U.S. Govt. 0.00   551.5 CLI 1970 21/05/2017 C-2 Books